Sports Quiz

Random Sports Quiz

2012 NASCAR race winners Quiz Stats

 Plays Quiz not verified by Sporcle

Challenge
Share
Tweet
Embed
Score 0/35 Timer 15:00
0 Plays Today
Wins Driver % Correct
1 SCSKyle Busch
95.7%
2 NSKurt Busch
93%
5 SCSJimmie Johnson
92.2%
3 SCSTony Stewart
91.3%
5 SCS - 1 CWTSDenny Hamlin
91.3%
5 SCS - 3 NSBrad Keselowski
89.6%
2 SCSJeff Gordon
86.1%
1 SCS - 9 NSJoey Logano
86.1%
1 SCS - 2 NS - 1 CWTSKevin Harvick
84.3%
3 SCSMatt Kenseth
83.5%
3 SCSClint Bowyer
81.7%
2 SCS - 1 CWTSKasey Kahne
80.9%
2 NSAustin Dillon
79.1%
2 SCSGreg Biffle
77.4%
1 SCSRyan Newman
75.7%
1 NSCarl Edwards
75.7%
4 NSElliott Sadler
74.8%
1 CWTSTy Dillon
74.8%
Wins Driver % Correct
1 SCSDale Earnhardt Jr.
73%
6 NSRicky Stenhouse Jr.
70.4%
1 SCSMarcos Ambrose
67%
1 NS - 4 CWTSJames Buescher
60%
1 CWTSTodd Bodine
59.1%
1 NS - 2 CWTSNelson Piquet Jr.
58.3%
2 CWTSJohnny Sauter
56.5%
2 CWTSTimothy Peters
55.7%
1 NSRegan Smith
49.2%
1 CWTSRyan Blaney
40.9%
1 NSJustin Allgaier
40.9%
1 CWTSJohn King
40%
1 CWTSJoey Coulter
29.6%
1 CWTSJustin Lofton
29.6%
1 CWTSBrian Scott
28.9%
1 CWTSParker Kligerman
28.7%
1 CWTSCale Gale
23.8%

You're not logged in!

Compare scores with friends on all Sporcle quizzes.
Join for Free
OR
Log In

You Might Also Like...

Show Comments

Extras

Created Oct 10, 2012ReportNominate
Tags:2012, driver, NASCAR, race, winner

Top Quizzes Today


Score Distribution

Your Account Isn't Verified!

In order to create a playlist on Sporcle, you need to verify the email address you used during registration. Go to your Sporcle Settings to finish the process.

Report this User

Report this user for behavior that violates our Community Guidelines.

Details: